Research and documentation in the electronic age. / (Record no. 10097)

MARC details
000 -LEADER
fixed length control field 01564cam a2200277 a 4500
001 - CONTROL NUMBER
control field 16444208
003 - CONTROL NUMBER IDENTIFIER
control field OSt
005 - DATE AND TIME OF LATEST TRANSACTION
control field 20231129094803.0
008 - FIXED-LENGTH DATA ELEMENTS--GENERAL INFORMATION
fixed length control field 231009b ||||| |||| 00| 0 eng d
020 ## - INTERNATIONAL STANDARD BOOK NUMBER
International Standard Book Number 9780312566722
020 ## - INTERNATIONAL STANDARD BOOK NUMBER
International Standard Book Number 0312258623
040 ## - CATALOGING SOURCE
Transcribing agency WIUC
050 00 - LIBRARY OF CONGRESS CALL NUMBER
Classification number ZA4375.H32
100 1# - MAIN ENTRY--PERSONAL NAME
Personal name Hacker, Diana,
9 (RLIN) 2513
245 10 - TITLE STATEMENT
Title Research and documentation in the electronic age. /
Statement of responsibility, etc. Diana Hacker, Barbara Fister.
250 ## - EDITION STATEMENT
Edition statement 3rd ed.
260 ## - PUBLICATION, DISTRIBUTION, ETC.
Place of publication, distribution, etc. Boston :
Name of publisher, distributor, etc. Bedford/St Martin's,
Date of publication, distribution, etc. 2010.
300 ## - PHYSICAL DESCRIPTION
Extent xii, 288 p. :
Other physical details ill. ;
Dimensions 19 cm.
500 ## - GENERAL NOTE
General note Spiral binding.
504 ## - BIBLIOGRAPHY, ETC. NOTE
Bibliography, etc. note Includes bibliographical references.
505 ## - FORMATTED CONTENTS NOTE
Formatted contents note Content:Part I: Research questions and research strategies -- Posing a question -- Mapping out a search strategy -- Part II:Finding and evaluating sources -- Finding articles using a database or print index --Finding books in the library catalog -- Finding a wide variety of sources on the web -- Considering other search tools -- Evaluating sources -- Part III: Specialized library and web resources -- Researching in the humanities -- Researching history -- Researching in the social sciences -- Researching in the sciences -- Part IV: Documentation styles -- MLA style: English and other humanities -- APA style:The social sciences -- Chicago style:History -- CBE style:biology and other sciences -- List of style manuals -- Part VB: Glossary of library and web terms.<br/><br/>
650 ## - SUBJECT ADDED ENTRY--TOPICAL TERM
Topical term or geographic name entry element Library research
9 (RLIN) 2520
650 ## - SUBJECT ADDED ENTRY--TOPICAL TERM
Topical term or geographic name entry element Study skills
9 (RLIN) 2521
700 1# - ADDED ENTRY--PERSONAL NAME
Personal name Fister, Barbara.
9 (RLIN) 2514
942 ## - ADDED ENTRY ELEMENTS (KOHA)
Source of classification or shelving scheme Library of Congress Classification
Koha item type Books
Edition 3rd ed.
Holdings
Withdrawn status Lost status Source of classification or shelving scheme Damaged status Not for loan Home library Current library Shelving location Date acquired Full call number Barcode Date last seen Copy number Price effective from Koha item type
    Library of Congress Classification     WISCONSIN INTERNATIONAL UNIVERSITY COLLEGE, GHANA KUMASI LIBRARY WISCONSIN INTERNATIONAL UNIVERSITY COLLEGE, GHANA KUMASI LIBRARY General Stacks 15/03/2023 ZA4375.H32(3e) K/3083/0181/23 09/10/2023 1 09/10/2023 Books

If you have any concerns or questions; kindly contact the library


© Powered by WIUC ICT DIRECTORATE